000 00345nam a2200145Ia 4500
003 OSt
008 191201s1989 xx 000 0 und d
082 _a621.3
_bPIF
100 _aPILLAI, S.K.
245 2 _aA First Course on Electrical Drives
260 _aNew Delhi
_bWiley India
_c1989
300 _a235
650 _aB.Tech(ECE)
942 _2ddc
_cBK
999 _c440
_d440